Анализ факторов, влияющих на требования к профессиональной компетентности современного инженера; Инженерное образование; № 11

Detalhes bibliográficos
Parent link:Инженерное образование: электронный научный журнал/ Ассоциация инженерного образования России (АИОР).— : [Б. и.], 2003-.— 1810-2883
№ 11.— 2012.— [С. 102-105]
Autor principal: Серветник О. Л.
Autor Corporativo: "Подходы к формированию национальной доктрины инженерного образования России в условиях новой индустриализации", общероссийская научно-практическая конференция
Outros Autores: Хвостова И. П.
Resumo:Заглавие с титульного листа
Рассмотрены социально-экономические факторы, влияющие на требования, предъявляемые к профессиональной компетенции современного инженера.
The social and economic factors affecting the requirements for the professional competence of the modern engineer are considered in the paper.
Idioma:russo
Publicado em: 2012
Colecção:Материалы Общероссийской научно-практической конференции "Подходы к формированию национальной доктрины инженерного образования России в условиях новой индустриализации" (4-6 декабря 2012 года, г. Томск)
Пути повышения качества инженерного образования
Assuntos:
Acesso em linha:https://old.aeer.ru/files/io/m11/art_21.pdf
Formato: MixedMaterials Recurso Electrónico Capítulo de Livro
KOHA link:https://koha.lib.tpu.ru/cgi-bin/koha/opac-detail.pl?biblionumber=516959

MARC

LEADER 00000naa2a2200000 4500
001 516959
005 20250520134959.0
035 |a (RuTPU)RU\TPU\prd\194976 
035 |a RU\TPU\prd\194975 
090 |a 516959 
100 |a 20130911d2012 k y0rusy50 ca 
101 0 |a rus 
102 |a RU 
135 |a drnn ---uucaa 
181 0 |a i  
182 0 |a b 
200 1 |a Анализ факторов, влияющих на требования к профессиональной компетентности современного инженера  |b Электронный ресурс  |f О. Л. Серветник, И. П. Хвостова 
203 |a Текст  |c электронный 
215 |a 1 файл (96 Кб) 
225 1 |a Материалы Общероссийской научно-практической конференции "Подходы к формированию национальной доктрины инженерного образования России в условиях новой индустриализации" (4-6 декабря 2012 года, г. Томск) 
225 1 |a Пути повышения качества инженерного образования 
230 |a Электронные текстовые данные (1 файл : 96 Кб) 
300 |a Заглавие с титульного листа 
320 |a [Библиогр.: с. 105 (7 назв.)] 
330 |a Рассмотрены социально-экономические факторы, влияющие на требования, предъявляемые к профессиональной компетенции современного инженера. 
330 |a The social and economic factors affecting the requirements for the professional competence of the modern engineer are considered in the paper. 
337 |a Adobe Reader 
461 1 |0 (RuTPU)RU\TPU\prd\176632  |x 1810-2883  |t Инженерное образование  |o электронный научный журнал  |f Ассоциация инженерного образования России (АИОР)  |n [Б. и.]  |d 2003- 
463 1 |0 (RuTPU)RU\TPU\prd\194819  |t № 11  |v [С. 102-105]  |d 2012 
610 1 |a высшее профессиональное образование 
610 1 |a инженерное образование 
610 1 |a российское образование 
610 1 |a профессиональные компетенции 
610 1 |a профессиональная компетентность 
610 1 |a инженеры 
610 1 |a специалисты 
610 1 |a требования 
610 1 |a социально-экономические факторы 
610 1 |a анализ 
610 1 |a конференции 
610 1 |a электронный ресурс 
700 1 |a Серветник  |b О. Л. 
701 1 |a Хвостова  |b И. П. 
712 1 2 |a "Подходы к формированию национальной доктрины инженерного образования России в условиях новой индустриализации", общероссийская научно-практическая конференция  |e Томск  |f 2012 
801 1 |a RU  |b 63413507  |c 20090623  |g PSBO 
801 2 |a RU  |b 63413507  |c 20130911  |g PSBO 
856 4 |u https://old.aeer.ru/files/io/m11/art_21.pdf 
942 |c BK